Sistema fiscal : esquemas y suspuestos prácticos / Francisco Poveda Blanco esquemas y suspuestos prácticos / Francisco Poveda Blanco
ISBN:
84-234-1124-9
Descripción Física:
519 p. ; 27 cm
MARC
| LEADER | 00000nam a2200000Ia 4500 | ||
|---|---|---|---|
| 001 | 21383 | ||
| 008 | 160829s1993 xx 000 0 cat d | ||
| 020 | |a 84-234-1124-9 | ||
| 080 | |a M-6-188 | ||
| 100 | |a Poveda Blanco, Francisco |9 44415 | ||
| 245 | |a Sistema fiscal : |b esquemas y suspuestos prácticos / Francisco Poveda Blanco | ||
| 250 | |a 2a ed., act. | ||
| 260 | |a Madrid [etc.] : |b Deusto, |c 1993 | ||
| 300 | |a 519 p. ; |c 27 cm | ||
| 650 | |a Impostos |x Espanya |x Problemes, exercicis, etc. |9 44416 | ||
| 650 | |a Dret fiscal |x Espanya |x Manuals |9 44417 | ||
| 650 | |a Ingresso fiscals |x Espanya |9 44418 | ||
| 901 | |a Arxiu | ||
| 942 | |n 1 | ||
| 952 | |0 0 |1 0 |4 0 |6 M6188 |7 1 |9 51939 |a Arxiu |b Arxiu |d 2016-12-01 |l 0 |o M-6-188 |p 21383 |r 2016-12-01 00:00:00 |w 2016-12-01 |y ARXIU | ||
| 999 | |c 55786 |d 55786 | ||